Die casting dies, Part 2 / (Record no. 6197)
[ view plain ]
| 000 -LEADER | |
|---|---|
| fixed length control field | 00568cam a2200217ua 4500 |
| 041 ## - LANGUAGE CODE | |
| Language code of text/sound track or separate title | eng |
| 082 ## - DEWEY DECIMAL CLASSIFICATION NUMBER | |
| Classification number | 671.25 |
| Item number | MAC/DI |
| 100 ## - MAIN ENTRY--AUTHOR NAME | |
| Personal name | Barton, L C . |
| 245 ## - TITLE STATEMENT | |
| Title | Die casting dies, Part 2 / |
| 260 ## - PUBLICATION, DISTRIBUTION, ETC. (IMPRINT) | |
| Place of publication | : |
| Name of publisher | Machinery Publishing co. Ltd. |
| 300 ## - PHYSICAL DESCRIPTION | |
| Number of Pages | 63 ; . |
| 490 0# - SERIES STATEMENT | |
| Series statement | Machinery Yellowbook series , |
| Volume number/sequential designation | 4D |
| 700 1# - ADDED ENTRY--PERSONAL NAME | |
| Personal name | Barton , H K . |
| 942 ## - ADDED ENTRY ELEMENTS (KOHA) | |
| Koha item type | Books |
| Withdrawn status | Lost status | Damaged status | Home library | Current library | Date acquired | Full call number | Accession Number | Koha item type |
|---|---|---|---|---|---|---|---|---|
| KAUAET | KAUAET | 07/04/2012 | 671.25 | 3847 | Books | |||
| KAUAET | KAUAET | 07/04/2012 | 671.25 | 3837 | Books | |||
| KAUAET | KAUAET | 07/04/2012 | 671.25 | 3844 | Books |
